Az állatkertek élmény és értéket teremtő szerepe a turizmusban, mint természetvédelmi intézmények

Bibliographic Details
Main Author: Einsiedler Bence
Other Authors: Egedy Dr. Tamás
Format: Thesis
Kulcsszavak:Állatkert
Természetvédelem
Fővárosi Állat- és Növénykert
Állatvédelem
Online Access:http://dolgozattar.uni-bge.hu/18380

MARC

LEADER 00000nta a2200000 i 4500
001 dolg18380
005 20190228155540.0
008 181128suuuu hu om 000 hun d
040 |a BGE Dolgozattár Repozitórium  |b hun 
041 |a hu 
100 1 |a Einsiedler Bence 
245 1 3 |a Az állatkertek élmény és értéket teremtő szerepe a turizmusban, mint természetvédelmi intézmények  |c Einsiedler Bence  |h [elektronikus dokumentum] 
695 |a Állatkert 
695 |a Természetvédelem 
695 |a Fővárosi Állat- és Növénykert 
695 |a Állatvédelem 
700 1 |a Egedy Dr. Tamás  |e ths 
856 4 0 |u http://dolgozattar.uni-bge.hu/18380/1/Einsiedler%20Bence_SYU9IS_TVtur.pdf  |z Dokumentum-elérés